<?xml version="1.0" encoding="UTF-8"?>
<record
    xmlns:xsi="http://www.w3.org/2001/XMLSchema-instance"
    xsi:schemaLocation="http://www.loc.gov/MARC21/slim http://www.loc.gov/standards/marcxml/schema/MARC21slim.xsd"
    xmlns="http://www.loc.gov/MARC21/slim">

  <leader>01063nasaa22002292ib4500</leader>
  <controlfield tag="003">OSt</controlfield>
  <controlfield tag="005">20250210131234.0</controlfield>
  <controlfield tag="008">250210b2025    dr fr|gsdpspao00| z spa d</controlfield>
  <datafield tag="040" ind1=" " ind2=" ">
    <subfield code="a">CGID0020</subfield>
    <subfield code="b">spa</subfield>
    <subfield code="c">CGID0020</subfield>
    <subfield code="e">rda</subfield>
  </datafield>
  <datafield tag="110" ind1=" " ind2=" ">
    <subfield code="a">Instituto Dominicano de Evaluaci&#xF3;n e Investigaci&#xF3;n de la Calidad Educativa</subfield>
  </datafield>
  <datafield tag="245" ind1=" " ind2=" ">
    <subfield code="a">Revista de Investigaci&#xF3;n y Evaluaci&#xF3;n Educativa</subfield>
    <subfield code="b">Vol. 12 N&#xFA;m. 1 (2025): Revie </subfield>
  </datafield>
  <datafield tag="260" ind1=" " ind2=" ">
    <subfield code="a">Republica Dominicana,  Santo Domingo : </subfield>
    <subfield code="b">IDEICE</subfield>
    <subfield code="c">2025</subfield>
  </datafield>
  <datafield tag="300" ind1=" " ind2=" ">
    <subfield code="a">103p.</subfield>
  </datafield>
  <datafield tag="310" ind1=" " ind2=" ">
    <subfield code="a">Semetral</subfield>
  </datafield>
  <datafield tag="505" ind1=" " ind2=" ">
    <subfield code="a">Jes&#xFA;s And&#xFA;jar Avil&#xE9;s 2- Mario Cavani 3- Sara Padilla-Cuerda, Sabina Civila 4- Milagros de Jes&#xFA;s Guzm&#xE1;n Mart&#xED;nez, Rosario Ynmaculada C&#xE1;ceres Rosario, Luis Miguel Pacheco Ferreira 5- Alejandro D&#xED;az-Cabriales</subfield>
  </datafield>
  <datafield tag="700" ind1=" " ind2=" ">
    <subfield code="a">Jes&#xFA;s And&#xFA;jar Avil&#xE9;s 2- Mario Cavani </subfield>
  </datafield>
  <datafield tag="700" ind1=" " ind2=" ">
    <subfield code="a">3- Sara Padilla-Cuerda, Sabina Civila</subfield>
  </datafield>
  <datafield tag="700" ind1=" " ind2=" ">
    <subfield code="a"> 4- Milagros de Jes&#xFA;s Guzm&#xE1;n Mart&#xED;nez ; Rosario Ynmaculada C&#xE1;ceres Rosario ;</subfield>
  </datafield>
  <datafield tag="700" ind1=" " ind2=" ">
    <subfield code="a">Luis Miguel Pacheco Ferreira </subfield>
  </datafield>
  <datafield tag="700" ind1=" " ind2=" ">
    <subfield code="a">5- Alejandro D&#xED;az-Cabriales</subfield>
  </datafield>
  <datafield tag="942" ind1=" " ind2=" ">
    <subfield code="2">ddc</subfield>
    <subfield code="c">REV</subfield>
    <subfield code="n">0</subfield>
  </datafield>
  <datafield tag="999" ind1=" " ind2=" ">
    <subfield code="c">12492</subfield>
    <subfield code="d">12492</subfield>
  </datafield>
  <datafield tag="952" ind1=" " ind2=" ">
    <subfield code="0">0</subfield>
    <subfield code="1">0</subfield>
    <subfield code="2">ddc</subfield>
    <subfield code="4">0</subfield>
    <subfield code="7">0</subfield>
    <subfield code="a">IDEICE</subfield>
    <subfield code="b">IDEICE</subfield>
    <subfield code="d">2025-02-10</subfield>
    <subfield code="l">0</subfield>
    <subfield code="r">2025-02-10 16:11:50</subfield>
    <subfield code="u">https://doi.org/10.47554/revie.vol12.num1.2025.pp4-5</subfield>
    <subfield code="w">2025-02-10</subfield>
    <subfield code="y">REV</subfield>
  </datafield>
</record>
